000 00478nam a2200181Ia 4500
001 1801
005 20260306143755.0
008 260306t2015||||xx |||||||||||||| ||spa||
041 _aESP
082 _a155.412
_bD69
100 _aDíaz Alejo, Brenda Judith
_eAUT
245 0 _aDesarrollo y formación emocional para niños:
_bguía para padres y maestros
260 _c2015
300 _a80 páginas :
_c23 cm.
650 _aGEN
654 _aCPS
942 _cLIB
_dJUS
_fJUS
_2ddc
_n
999 _c1801
_d1801